000 00707nam a2200181 i 4500
001 60848
003 ES-MaACL
005 20230906164322.0
007 t|
008 031107s1912 sp ||||1| spa d
100 1 _aEstelrich, Juan Luis,
_d1856-1923
_9151748
245 1 3 _aEl maestro Marqués, hijo ilustre de Mallorca
_b: sinfonía biográfica en cuatro tiempos escrita por encargo del Excmo. Ayuntamiento de Palma y leída en la solemne sesión del día 31 de diciembre de 1911 /
_cJuan Luis Estelrich.
260 _aPalma :
_b[s.n.],
_c1912 (
_fImp. de J. Tous)
300 _a30 p. ;
_c26 cm.
600 1 4 _aMarqués, Miguel.
_9129535
852 _aES-MaACL
_jT-1439-F-5
999 _c60848
_d60848